| 000 | 00984cad a22002055a 4500 | ||
|---|---|---|---|
| 001 | L152295 | ||
| 008 | 110218s2011 xxk f 000 0 eng d | ||
| 020 | _a9781409828341 | ||
| 035 | _a(Sirsi) u152295 | ||
| 041 | 0 | _aeng | |
| 110 | 2 |
_aUnited Kingdom _bDepartment for Communities and Local Government _94939 |
|
| 245 | 0 | 0 |
_aNew homes bonus _bfinal scheme design _h[electronic resource] |
| 260 |
_aLondon _bDCLG _c2011 |
||
| 520 | _aDocument sets out the final scheme design for the New Homes Bonus. Through this scheme the Government will match the council tax raised from new homes for the first six years with the bonus for an affordable home being up to 36% more than for a similar market home. | ||
| 590 | _aKA NTK | ||
| 651 | 4 |
_aEngland and Wales _y1543- |
|
| 690 | _aENVIRONMENT AND LAND CONSULTANCY-PLANNING AND DEVELOPMENT | ||
| 856 | 4 | 0 |
_uhttps://www.communities.gov.uk/documents/housing/pdf/1846530.pdf _zView the item free of charge at www.communities.gov.uk |
| 942 | _n0 | ||
| 999 |
_c111973 _d111973 |
||